TV Shows Cut Off at 'O' Quiz Stats

 Plays Quiz Updated Nov 5, 2019

Score 0/24 Timer 06:00
1 Play Today
Cut Off At 'O' TV Show % Correct
LAW &ORDER
97.6%
MURDER SHE WROTE
97.3%
HANNAH MONTANA
96.5%
WANTED DEAD OR ALIVE
95.7%
THE FLINTSTONES
95.6%
ARRESTED DEVELOPMENT
95.6%
DESPERATE HOUSEWIVES
95.2%
HEY ARNOLD!
93.2%
GREY'S ANATOMY
92.2%
THREE'S COMPANY
92%
DAWSON'S CREEK
91.4%
THE MICKEY MOUSE CLUB
88.8%
Cut Off At 'O' TV Show % Correct
STAR TREK: DISCOVERY
88.1%
MAD ABOUT YOU
87.4%
HAPPILY DIVORCED
87.3%
THE DUKESOF HAZZARD
86.7%
MURPHY BROWN
84.8%
RICK AND MORTY
81.6%
THE FAIRLY ODDPARENTS
79.8%
BURN NOTICE
77.1%
DESIGNING WOMEN
71.9%
NIGHT COURT
69.7%
JUST SHOOT ME
68.8%
CHILLING ADVENTURESOF SABRINA
37.1%

You're not logged in!

Compare scores with friends on all Sporcle quizzes.
OR
Log In

Sporcle TV

Today on Sporcle TV


Watch our educational content, quiz creation guides, and fun videos on Sporcle TV.

Show Comments

Extras

Top Quizzes Today


Score Distribution

Your Account Isn't Verified!

In order to create a playlist on Sporcle, you need to verify the email address you used during registration. Go to your Sporcle Settings to finish the process.

Report this User

Report this user for behavior that violates our Community Guidelines.

Details: